000 00614nam a2200169Ia 4500
003 LK-CoDNM
008 010623t2010 xxu||||| |||| 00| 1 sin d
040 _aLK-CoDNM
_dLK-CoDNM
_eLK-CoDNM
041 _asin
080 _aX 398 KUL
100 _aKularathna,Saliya
245 _aසම්භාව සිංහල සංස්කෘතිය පිළිබඳ භෞතික හා සංකල්පීය නිරීක්ෂණ
246 _aSambhavya Sinhala Sanskrutiya Pilibada Bhautika ha Sankalpeeya Nireekshana
260 _bVijitha Yapa
_aColombo
_c2010
300 _b58, iill, 21 cm
942 _cBK
999 _c130449
_d130449